<?xml version="1.0" encoding="UTF-8"?>
<record
    xmlns:xsi="http://www.w3.org/2001/XMLSchema-instance"
    xsi:schemaLocation="http://www.loc.gov/MARC21/slim http://www.loc.gov/standards/marcxml/schema/MARC21slim.xsd"
    xmlns="http://www.loc.gov/MARC21/slim">

  <leader>02663nam a22002537a 4500</leader>
  <datafield tag="999" ind1=" " ind2=" ">
    <subfield code="c">22026</subfield>
    <subfield code="d">22026</subfield>
  </datafield>
  <controlfield tag="003">AR-CdUCM</controlfield>
  <controlfield tag="008">190425b           ||||| |||| 00| 0 spa d</controlfield>
  <datafield tag="040" ind1=" " ind2=" ">
    <subfield code="a">MUNICIPALIDAD PROVINCIAL DEL CUSCO</subfield>
    <subfield code="c">BIBLIOTECA MUNICIPAL DEL CUSCO</subfield>
  </datafield>
  <datafield tag="082" ind1=" " ind2=" ">
    <subfield code="a">Rev. Muni/N&#xB0;1/1991</subfield>
  </datafield>
  <datafield tag="110" ind1=" " ind2=" ">
    <subfield code="a">Municipalidad Provincial del Cusco</subfield>
    <subfield code="9">47190</subfield>
  </datafield>
  <datafield tag="245" ind1=" " ind2=" ">
    <subfield code="a">Revista Municipal del Cusco /</subfield>
    <subfield code="c">Municipalidad Provincial del Cusco</subfield>
  </datafield>
  <datafield tag="260" ind1=" " ind2=" ">
    <subfield code="a">Cusco.</subfield>
    <subfield code="b">Mercantil,</subfield>
    <subfield code="c">1990.</subfield>
  </datafield>
  <datafield tag="300" ind1=" " ind2=" ">
    <subfield code="a">118 p&#xE1;ginas. :</subfield>
    <subfield code="c">28 cm.</subfield>
  </datafield>
  <datafield tag="440" ind1=" " ind2=" ">
    <subfield code="a">Revista Municipal del Cusco.</subfield>
    <subfield code="n">A&#xF1;o I, N&#xB0;1, segunda &#xE9;poca 1990.</subfield>
    <subfield code="9">47200</subfield>
  </datafield>
  <datafield tag="505" ind1=" " ind2=" ">
    <subfield code="a">Contenido: El calendario de los incas. Manuel Ch&#xE1;vez Ball&#xF3;n. -- La intangibilidad arqueol&#xF3;gica virreinal y republicana del Cusco. Arminda Gibaja Oviedo. -- Los top&#xF3;nimos, la toponimia y la ciudad del Cusco. V&#xED;ctor Angles Vargas . -- Do&#xF1;a Clorinda Matto de Turner, Periodista. Alcides F. Estrada. -- El primer Corpus Christi cusque&#xF1;o. Jorge Flores Ochoa. -- Protecci&#xF3;n del entorno paisaj&#xED;stico arqueol&#xF3;gico y ecol&#xF3;gico del Cusco. Jos&#xE9; Carlos Guti&#xE9;rrez. -- El car&#xE1;cter revolucionario de la obra del Inca Garcilaso y la influencia incaica en el socialismo cient&#xED;fico. Julio Antonio Guti&#xE9;rrez Samanez. -- Localismo y universalidad en la narraci&#xF3;n Latinoamericana. Gustavo P&#xE9;rez Ocampo. -- Papeles viejos, pasado que se hace presente iniciaci&#xF3;n del movimiento sindical y la fundaci&#xF3;n del primer Sindicato Obrero cusque&#xF1;o. Julio Guti&#xE9;rrez Loayza. -- Para ver el teatro nacional desde la butaca provincial. Guido Guevara U. Zulema Arriola. -- Elementos para el diagnostico de la problem&#xE1;tica productiva en los barrios populares. Vidal Pino Zambrano. El edicto municipal 002, seis a&#xF1;os despu&#xE9;s. Rafael Velarde Alvarado. El Cusco tendr&#xE1; finalmente su teatro municipal. La redacci&#xF3;n. -- La republica del Cusco. Alcides F. Estrada. -- Acta extraordinaria de la instalaci&#xF3;n del Concejo Municipal del Cusco -- Comentarios de la obra M&#xFA;sica Inkaika del music&#xF3;logo cusque&#xF1;o Policarpo Caballero Farf&#xE1;n -- Relaci&#xF3;n de los funcionarios de la Municipalidad del Cusco -- Notas culturales -- Himno al Cusco -- Estafeta -- Concejo Municipal Provincial del Cusco Alcalde y Regidores -- Ley que establece la Semana del Cusco Ley 10196 -- Medalla de la ciudad -- Oraci&#xF3;n al Cusco -- Trabajo de comisiones notas breves -- Decretos de Alcald&#xED;a, resoluciones, acuerdos municipales, normas legales.</subfield>
  </datafield>
  <datafield tag="650" ind1=" " ind2=" ">
    <subfield code="a">Historia del Cusco</subfield>
    <subfield code="9">1714</subfield>
  </datafield>
  <datafield tag="650" ind1=" " ind2=" ">
    <subfield code="a">Inkas</subfield>
    <subfield code="9">1899</subfield>
  </datafield>
  <datafield tag="650" ind1=" " ind2=" ">
    <subfield code="a">Cusque&#xF1;ismo</subfield>
    <subfield code="9">2721</subfield>
  </datafield>
  <datafield tag="700" ind1=" " ind2=" ">
    <subfield code="a">Angles Vargas, V&#xED;ctor</subfield>
    <subfield code="9">47201</subfield>
  </datafield>
  <datafield tag="700" ind1=" " ind2=" ">
    <subfield code="a">Flores Ochoa, Jorge</subfield>
    <subfield code="9">2915</subfield>
  </datafield>
  <datafield tag="700" ind1=" " ind2=" ">
    <subfield code="a">Guti&#xE9;rrez Loayza, Julio</subfield>
    <subfield code="9">46116</subfield>
  </datafield>
  <datafield tag="942" ind1=" " ind2=" ">
    <subfield code="2">ddc</subfield>
    <subfield code="c">PP</subfield>
  </datafield>
  <datafield tag="945" ind1=" " ind2=" ">
    <subfield code="a">rac</subfield>
  </datafield>
  <datafield tag="952" ind1=" " ind2=" ">
    <subfield code="0">0</subfield>
    <subfield code="2">ddc</subfield>
    <subfield code="4">0</subfield>
    <subfield code="7">0</subfield>
    <subfield code="a">HEM</subfield>
    <subfield code="b">HEM</subfield>
    <subfield code="c">CART</subfield>
    <subfield code="d">2022-02-11</subfield>
    <subfield code="g">10.00</subfield>
    <subfield code="o">Rev.Muni/N&#xB0;1/1990</subfield>
    <subfield code="p">REVC000596</subfield>
    <subfield code="r">2022-02-11</subfield>
    <subfield code="y">PP</subfield>
  </datafield>
</record>
